[Event "Heart of Finland op 24th"]
[Site "Jyvaskyla"]
[Date "2014.07.12"]
[Round "8"]
[White "Sysun, Alexander V"]
[Black "Anttila, Perttu"]
[Result "0-1"]
[WhiteElo "1964"]
[BlackElo "2131"]
[PlyCount "106"]
[EventDate "2014.07.07"]
[EventType "swiss"]
[EventRounds "9"]
[EventCountry "FIN"]
[SourceTitle "EXT 2019"]
[Source "ChessBase"]
[SourceDate "2018.10.10"]
[SourceVersion "1"]
[SourceVersionDate "2018.10.10"]
[SourceQuality "1"]

1. e4 e6 2. d4 d5 3. Nd2 h6 4. Ngf3 c5 5. Bb5+ Nc6 6. exd5 Qxd5 7. c4 Qd8 8. Bxc6+ bxc6 9. Ne4 cxd4 10. Qxd4 Qxd4 11. Nxd4 Bd7 12. Be3 f5 13. Nc3 Bb4 14. Nde2 e5 15. f3 Be6 16. b3 Nf6 17. 0-0-0 a5 18. Kb2 g5 19. h3 a4 20. Nxa4 Bxc4 21. Nec3 Be6 22. a3 Be7 23. Nc5 Kf7 24. b4 Nd5 25. Nxd5 Bxd5 26. Nd7 Ke6 27. Nb6 Ra6 28. Nxd5 cxd5 29. Kb3 d4 30. Bc1 Kd5 31. Bb2 h5 32. Rd2 Rb8 33. Rc1 Rab6 34. Rc4 g4 35. hxg4 hxg4 36. Re2 gxf3 37. gxf3 Bd6 38. Rd2 Rg8 39. f4 Rg3+ 40. Rc3 Rxc3+ 41. Bxc3 Ke4 42. fxe5 Bxe5 43. Re2+ Kd5 44. Be1 f4 45. a4 f3 46. Rc2 d3 47. Rd2 Ke4 48. b5 Bf4 49. Rb2 d2 50. Bxd2 f2 51. Ba5 Rxb5+ 52. axb5 f1Q 53. Ka4 Qa1+ 0-1

[Event "Heart of Finland op 24th"]
[Site "Jyvaskyla"]
[Date "2014.07.08"]
[Round "3"]
[White "Nivala, Tuomas"]
[Black "Sysun, Alexander V"]
[Result "1-0"]
[WhiteElo "2199"]
[BlackElo "1964"]
[PlyCount "91"]
[EventDate "2014.07.07"]
[EventType "swiss"]
[EventRounds "9"]
[EventCountry "FIN"]
[SourceTitle "EXT 2019"]
[Source "ChessBase"]
[SourceDate "2018.10.10"]
[SourceVersion "1"]
[SourceVersionDate "2018.10.10"]
[SourceQuality "1"]

1. Nf3 g6 2. e4 Bg7 3. d4 d6 4. Nc3 Nf6 5. h3 0-0 6. Be3 Nc6 7. Be2 e5 8. dxe5 Nxe5 9. Nxe5 dxe5 10. Bc5 Re8 11. Qxd8 Rxd8 12. Bc4 b6 13. Be3 Bb7 14. f3 Rd7 15. a4 a5 16. Ke2 Rad8 17. Bb5 Rd6 18. Bd3 Bc6 19. g4 h5 20. Bg5 R8d7 21. Bb5 Kf8 22. Bxc6 Rxc6 23. Rhd1 Ke8 24. Bh4 hxg4 25. hxg4 Ke7 26. Rxd7+ Kxd7 27. Rd1+ Rd6 28. Rd3 Ke6 29. Nb5 Rd7 30. Rc3 c5 31. Na3 Rb7 32. Nc4 Nd7 33. Rd3 f6 34. Rd6+ Ke7 35. g5 b5 36. axb5 Rxb5 37. gxf6+ Bxf6 38. Rxd7+ Kxd7 39. Bxf6 Ke6 40. Bxe5 Rb4 41. Kd3 a4 42. f4 Rb7 43. Ke3 Rb4 44. Bd6 Rb5 45. Bf8 Kf7 46. Nd6+ 1-0

[Event "Heart of Finland op 23rd"]
[Site "Jyvaskyla"]
[Date "2013.07.14"]
[Round "9"]
[White "Sorvari, Jarmo"]
[Black "Sysun, Alexander V"]
[Result "1/2-1/2"]
[WhiteElo "2034"]
[BlackElo "1929"]
[PlyCount "108"]
[EventDate "2013.07.08"]
[EventType "swiss"]
[EventRounds "9"]
[EventCountry "FIN"]
[SourceTitle "EXT 2022"]
[Source "ChessBase"]
[SourceDate "2021.10.06"]
[SourceVersion "1"]
[SourceVersionDate "2021.10.06"]
[SourceQuality "1"]

1. d4 d5 2. Bf4 Nf6 3. e3 e6 4. Nf3 c5 5. c3 Bd6 6. Bg3 0-0 7. Bd3 Qb6 8. b3 a5 9. Nbd2 a4 10. 0-0 Bxg3 11. fxg3 axb3 12. axb3 Rxa1 13. Qxa1 Nc6 14. Qb1 g6 15. h3 Kg7 16. Qe1 Qc7 17. Qf2 cxd4 18. exd4 Ng8 19. g4 Bd7 20. Qe3 Ra8 21. c4 Nb4 22. Be2 Ra3 23. c5 Nc6 24. Nb1 Ra1 25. Bb5 Nge7 26. Ng5 Be8 27. Nxe6+ fxe6 28. Qxe6 Ng8 29. Qxe8 Nxd4 30. Qf8+ Kh8 31. Nc3 Rxf1+ 32. Bxf1 Nxb3 33. Na4 Qe5 34. Qd6 Qd4+ 35. Kh2 Kg7 36. Bb5 Nf6 37. Qe7+ Kg8 38. Qd8+ Kf7 39. Qc7+ Kg8 40. Qc8+ Kg7 41. Qxb7+ Kh6 42. Qe7 Qf4+ 43. Kg1 Ne4 44. g5+ Kh5 45. Qxh7+ Kxg5 46. h4+ Kf6 47. Qh8+ Kf7 48. Qe8+ Kg7 49. Qd7+ Kh6 50. Qxd5 Qf2+ 51. Kh2 Qxh4+ 52. Kg1 Qf2+ 53. Kh1 Qh4+ 54. Kg1 Qe1+ 1/2-1/2

[Event "Heart of Finland op 23rd"]
[Site "Jyvaskyla"]
[Date "2013.07.12"]
[Round "7"]
[White "Wallgren, Ulf"]
[Black "Sysun, Alexander V"]
[Result "1-0"]
[WhiteElo "2085"]
[BlackElo "1929"]
[PlyCount "79"]
[EventDate "2013.07.08"]
[EventType "swiss"]
[EventRounds "9"]
[EventCountry "FIN"]
[SourceTitle "EXT 2022"]
[Source "ChessBase"]
[SourceDate "2021.10.06"]
[SourceVersion "1"]
[SourceVersionDate "2021.10.06"]
[SourceQuality "1"]

1. e4 g6 2. Nf3 Bg7 3. d4 d6 4. Bc4 Nf6 5. Qe2 0-0 6. 0-0 Bg4 7. c3 a6 8. h3 Bxf3 9. Qxf3 Nbd7 10. Bg5 c5 11. Qe2 Qc7 12. Nd2 b5 13. Bb3 h6 14. Be3 Kh7 15. f4 Qb7 16. Qf3 Rac8 17. g4 Nb6 18. dxc5 dxc5 19. Rae1 Rcd8 20. Bc2 c4 21. Qf2 Nbd7 22. Bd4 Ne8 23. e5 Nc7 24. f5 Qb8 25. Nf3 Rg8 26. Nh4 Nf8 27. fxg6+ fxg6 28. Nxg6 Nxg6 29. Bxg6+ Kh8 30. Bb1 Rxd4 31. cxd4 Rf8 32. Qc2 Rxf1+ 33. Rxf1 Qg8 34. Qg6 Ne6 35. d5 Ng5 36. h4 Nh7 37. Qxh7+ Qxh7 38. Bxh7 Kxh7 39. Rf7 Kg6 40. Rxe7 1-0

[Event "Heart of Finland op 23rd"]
[Site "Jyvaskyla"]
[Date "2013.07.09"]
[Round "2"]
[White "Sysun, Alexander V"]
[Black "Kivimaki, Jaakko"]
[Result "1-0"]
[WhiteElo "1929"]
[BlackElo "2196"]
[PlyCount "47"]
[EventDate "2013.07.08"]
[EventType "swiss"]
[EventRounds "9"]
[EventCountry "FIN"]
[SourceTitle "EXT 2022"]
[Source "ChessBase"]
[SourceDate "2021.10.06"]
[SourceVersion "1"]
[SourceVersionDate "2021.10.06"]
[SourceQuality "1"]

1. e4 e5 2. Nf3 Nc6 3. Bc4 Bc5 4. 0-0 d6 5. d3 a6 6. Nc3 Ba7 7. Bg5 Nce7 8. d4 f6 9. Be3 Bg4 10. dxe5 fxe5 11. Bxa7 Rxa7 12. h3 Bh5 13. Qd3 h6 14. Rad1 Qc8 15. g4 Bf7 16. Nh4 g5 17. Nf5 Rh7 18. h4 Bxc4 19. Qxc4 Nf6 20. hxg5 hxg5 21. Rxd6 b5 22. Qc5 Nxf5 23. Rxf6 Nd4 24. Rf8+ 1-0

[Event "Heart of Finland op 23rd"]
[Site "Jyvaskyla"]
[Date "2013.07.08"]
[Round "1"]
[White "Reed, Darren"]
[Black "Sysun, Alexander V"]
[Result "1/2-1/2"]
[WhiteElo "2043"]
[BlackElo "1929"]
[PlyCount "96"]
[EventDate "2013.07.08"]
[EventType "swiss"]
[EventRounds "9"]
[EventCountry "FIN"]
[SourceTitle "EXT 2022"]
[Source "ChessBase"]
[SourceDate "2021.10.06"]
[SourceVersion "1"]
[SourceVersionDate "2021.10.06"]
[SourceQuality "1"]

1. e4 e5 2. Nf3 Nc6 3. Bb5 a6 4. Ba4 Bc5 5. 0-0 Nf6 6. Bxc6 dxc6 7. Nxe5 Nxe4 8. Qe2 Qd5 9. Nd3 0-0 10. Nxc5 Nxc5 11. Nc3 Qe6 12. Qf3 Qf5 13. Qxf5 Bxf5 14. d3 Rfe8 15. Be3 Nd7 16. Rfe1 Be6 17. Bf4 Rac8 18. Re2 Nf6 19. a3 Nd5 20. Bd2 Nxc3 21. Bxc3 Bd7 22. Rae1 Rxe2 23. Rxe2 Be6 24. Be5 c5 25. h3 c4 26. dxc4 Bxc4 27. Rd2 f6 28. Rd4 Be6 29. Bf4 Kf7 30. Kf1 Ke7 31. Ke2 Rd8 32. Rb4 b5 33. Re4 c5 34. Be3 c4 35. g4 h5 36. f3 Kf7 37. Rd4 Rxd4 38. Bxd4 g6 39. Ke3 hxg4 40. hxg4 f5 41. g5 Ke7 42. Bc5+ Kd7 43. Kd4 Kc6 44. f4 Bd5 45. Bb4 Be4 46. c3 Bf3 47. Ke5 Bg4 48. Kf6 Bh5 1/2-1/2